| 000 | 00561nam a2200181Ia 4500 | ||
|---|---|---|---|
| 999 |
_c10000 _d10000 |
||
| 003 | OSt | ||
| 005 | 20200103094125.0 | ||
| 008 | 190216s9999||||xx |||||||||||||| ||und|| | ||
| 020 | _a9788186562321 | ||
| 040 | _coclc | ||
| 082 |
_a331.310954 _bPAN/Y |
||
| 100 |
_aSingh, J L _91027 |
||
| 245 | 0 |
_a50 Years Of Pachayathiraj And Rural Development / _cJ L Singh ; G P Pandey |
|
| 260 |
_bManak Publications Pvt Ltd, _c1998. _aNew Delhi: |
||
| 300 | _a248p | ||
| 650 | _aEconomics | ||
| 942 |
_cBK _2ddc _h331.310954 _iPAN/Y _k331.310954 _mPAN/Y |
||